Китайская классическая поэзия

Dades bibliogràfiques
Altres autors: Смирнов И. (составитель)
Sumari:Китайская поэзия — творение высокого духа и изящного слога. Она приобщает к чудесному току духовного начала, звучит как голос сердца. Поэзия Китая вмещает в себя мир незнакомый нам и далекий, живущий по своим, зачастую не очень ясным для нас законам.
Idioma:rus
Publicat: Москва, Эксмо, 2005
Col·lecció:Всемирная библиотека поэзии
Matèries:
Format: MixedMaterials Llibre
KOHA link:https://koha.lib.tpu.ru/cgi-bin/koha/opac-detail.pl?biblionumber=122625

MARC

LEADER 00000nam0a2200000 4500
001 122625
005 20231031130115.0
010 |a 5699091203 
035 |a (RuTPU)RU\TPU\book\132759 
090 |a 122625 
100 |a 20071005d2005 m y0rusy50 ca 
101 0 |a rus 
102 |a RU 
105 |a y z 000gy 
200 1 |a Китайская классическая поэзия  |f сост. И. Смирнов 
210 |a Москва  |c Эксмо  |d 2005 
215 |a 480 с. 
225 1 |a Всемирная библиотека поэзии 
330 |a Китайская поэзия — творение высокого духа и изящного слога. Она приобщает к чудесному току духовного начала, звучит как голос сердца. Поэзия Китая вмещает в себя мир незнакомый нам и далекий, живущий по своим, зачастую не очень ясным для нас законам. 
610 1 |a китайская литература 
610 1 |a поэзия 
610 1 |a стихи 
675 |a 895.1  |v 3 
702 1 |a Смирнов  |b И.  |4 220 
801 1 |a RU  |b 63413507  |c 20071005  |g PSBO 
801 2 |a RU  |b 63413507  |c 20071017  |g PSBO 
942 |c BK